[Event "EU-ch 4th"]
[Site "Istanbul"]
[Date "2003.06.11"]
[Round "11"]
[White "Pedersen, Nicolai Vesterbaek"]
[Black "Marin, Mihail"]
[Result "1/2-1/2"]
[WhiteElo "2508"]
[BlackElo "2568"]
[Annotator "Erenburg,S"]
[PlyCount "58"]
[EventDate "2003.05.30"]
[EventType "swiss"]
[EventRounds "13"]
[EventCountry "TUR"]
[SourceTitle "CBM 096"]
[Source "ChessBase"]
[SourceDate "2003.09.25"]
[SourceVersion "1"]
[SourceVersionDate "2003.09.25"]
[SourceQuality "1"]

1. e4 d6 2. d4 Nf6 3. Nc3 g6 4. f4 Bg7 5. Nf3 O-O 6. Bd3 Na6 7. e5 {Rare
variation, but, probably, gives white some chance to fight for the advantage.
Maybe white prefered this variation to 7.0-0, that he played two rounds ago,
because he didn't like the position he got against Izoria.} (7. O-O c5 8. d5
Rb8 (8... Bg4 {1-0 Gross,D-Sarno,S/Leipzig 2002/CBM 89/[Avrukh,B] (31)}) 9. Qe2
{0-1 Jakovenko,D-Lugovoi,A/Krasnodar 2002/CBM 91/[Finkel,A] (41)}) 7... Ng4 {
Black has tried also:} (7... Ne8 {1-0 Zhang Pengxiang-Dzhumaev,M/Calcutta 2001/
CBM 85/[Finkel,A] (47)}) (7... dxe5 8. dxe5 Nd5 9. Nxd5 Qxd5 10. Qe2 Bf5 11.
Bxf5 gxf5 12. O-O (12. Be3 f6 13. O-O Rad8 14. Bxa7 Nb4 15. Bd4 c5 16. exf6
exf6 17. Bc3 $14 {Osman,M-Satta,V/Paris-ch 1993}) 12... f6 13. exf6 Bxf6 14.
Be3 $14 {Van der Sterren,P-Haik,A/Budel zt 1987}) (7... Nd7 8. Ne4 c5 9. e6
fxe6 10. h4 cxd4 11. h5 Nac5 12. hxg6 h6 13. Qe2 Nxe4 14. Bxe4 Nc5 $13 {
Motwani,P-Howell,J/BCF-ch 1994}) 8. h3 Nh6 9. g4 c5 10. d5 {White went on a
very responsible game. He occupied the center, limitted the possibilities of
black knight on h6, pushing forward almost all his pawns. On the other hand,
black is going to create counterplay, trying to provide b7-b5, f7-f6 or e7-e6,
thus, attacking white's center.} Nc7 {[%cal Gd6e5] threatening to take pawn on
d5.} 11. Be2 {White had an option to put his light-squared bishop on c4, which
seems to me as a better idea:} (11. Bc4 Kh8 12. O-O b6 13. a4 a6 14. Rb1 Bd7
15. Qe2 Qe8 16. b4 b5 17. bxc5 $5 (17. Bd3 $5) 17... bxc4 18. c6 Bc8 19. Qxc4
$13 {1-0 Palatnik,S-Vasiukov,E/Palma de Mallorca 1989/TD (55)}) 11... b6 $146 {
Black completes the development, fianchetting his light-squared bishop to b7.
After it black will attack white's center, for example, with e7-e6.} ({The
position, which is arised after 10.Be2 was played only one time before, where
black continued} 11... a6 12. Be3 b5 13. Qd2 Bb7 (13... f5 $142) 14. f5 $18 {
1-0 Godfrey,P-Croad,N/Auckland 1999/EXT 2003 (63)}) 12. Be3 Bb7 13. Qd2 {
[%cal Gf4f5]} f5 {preventing f4-f5.} (13... e6 {doesn't work, in view of} 14.
f5) 14. Rg1 {protecting the g4 pawn.} ({Too risky is:} 14. g5 Nf7 15. e6 Nh8
$13 {[%cal Gg7c3,Yb7d5,Yc7d5]}) (14. exf6 Bxf6 15. f5 Nf7 $132) 14... dxe5 ({
Again doesn't work the breakthrough} 14... e6 {in view of} 15. dxe6 dxe5 16. g5
$16) 15. fxe5 f4 $1 {Black had another option, which seems to me as a
dangerous one.} (15... fxg4 16. hxg4 Nxd5 17. O-O-O (17. Bxh6 Nxc3 $15) 17...
Nxe3 18. Qxe3 Qc8 {covering e6 square.} 19. Ng5 $13 {[%cal Yc3d5]}) 16. Bxf4 {
Of course, white has only 2 continuations in this position. The following
variation shows, that black's position isn't worse also after} (16. Bf2 $5 Nxd5
(16... Nf7 17. e6 Nd6 18. O-O-O Bxc3 19. Qxc3 Bxd5 (19... Ne4 20. Qe1 Nxf2 21.
Qxf2 Nxd5 $4 22. c4) 20. Qe5 $44) 17. Bc4 e6 18. Bh4 $1 Qd7 19. O-O-O Nf7 20.
Rge1 Rae8 $11) 16... Nxd5 17. Bxh6 $6 {provides to a worse position. White
could choose also from these continuations:} (17. Nxd5 Qxd5 18. Bxh6 Qxd2+ 19.
Bxd2 Bxf3 $15) (17. Bc4 e6 18. Nxd5 (18. Bg5 Qc7 19. Bxd5 exd5 20. Nxd5 Bxd5
21. Qxd5+ Qf7 $15) (18. Bxh6 Rxf3) 18... exd5 19. Bf1 Nf7 $15 {[%cal Gd5d4]}) (
17. Bg3 $5 Nxc3 (17... Nf7 {[%cal Gg7h6]} 18. O-O-O Bh6 19. g5 Nxg5 20. Nxg5
Nxc3 21. Qxc3 Bxg5+ 22. Kb1 $16 {[%csl Yg1][%cal Gh3h4,Gh4h5]}) 18. Qxc3 e6 $13
) 17... Nxc3 18. Bxg7 {White has many problems after} (18. Bc4+ {as well:} Bd5
19. Qxc3 Bxh6 20. Rd1 e6 $17 {White's position is worse due to vulnerable
position of his monarch.}) 18... Nxe2 19. Bxf8 (19. Qxd8 Raxd8 $1 20. Bxf8 Nxg1
21. Nxg1 Kxf8 $17) 19... Nxg1 20. Nxg1 Qxd2+ 21. Kxd2 Kxf8 $1 {[%cal Gf8e8,
Ya8d8]} 22. Rf1+ Ke8 23. Nf3 Rd8+ 24. Kc3 $2 {allows black to get big
advantage. Another possiblities are} (24. Kc1 Bxf3 25. Rxf3 Rd5 26. Re3 Kf7 27.
c4 Rd4 28. b3 Ke6 $17 {[%cal Gh7h5]}) ({Only} 24. Ke3 $1 {gives white good
chance for a draw.} Bxf3 25. Rxf3 Rd5 26. Ke4 $1 Rd2 27. e6 $1 {[%cal Gf3f7]} (
27. Rc3 Re2+ $1 28. Kf4 (28. Kd5 Kd7 $17) 28... Kf7 $15) 27... Rxc2 28. Rf7
Rxb2 29. Rxh7 Kd8 30. Rg7 Rxa2 31. Rxg6 {and probably white is going to get
the draw.}) 24... Bxf3 $1 25. Rxf3 Rd5 $17 26. Kc4 (26. Re3 Kf7 $17 {[%cal
Gf7e6]}) 26... Rd4+ 27. Kc3 Rd5 $2 {This black's decision to force a draw is
unexplainable. What should white do after} (27... Re4 $17 {?}) 28. Kc4 Rd4+ (
28... Rxe5 {gives black good chance to win the game.} 29. Kb5 (29. Ra3 a5 30.
Kb5 Re6 $15) 29... Re4 (29... Rd5) 30. b3 Rd4 $17 {[%cal Gd4d7]}) 29. Kc3 (29.
Kb5 Rb4+ $15) 29... Rd5 (29... Re4 $17) 1/2-1/2

[Event "EU-ch 4th"]
[Site "Istanbul"]
[Date "2003.06.08"]
[Round "9"]
[White "Pedersen, Nicolai Vesterbaek"]
[Black "Izoria, Zviad"]
[Result "1/2-1/2"]
[WhiteElo "2508"]
[BlackElo "2569"]
[Annotator "Erenburg,S"]
[PlyCount "58"]
[EventDate "2003.05.30"]
[EventType "swiss"]
[EventRounds "13"]
[EventCountry "TUR"]
[SourceTitle "CBM 096"]
[Source "ChessBase"]
[SourceDate "2003.09.25"]
[SourceVersion "1"]
[SourceVersionDate "2003.09.25"]
[SourceQuality "1"]

1. d4 d6 2. e4 Nf6 3. Nc3 g6 4. f4 Bg7 5. Nf3 O-O 6. Bd3 Na6 7. O-O c5 8. d5
Rb8 {Another theoretical line is} (8... Bg4 {1-0 Gross,D-Sarno,S/Leipzig 2002/
CBM 89/[Avrukh,B] (31)}) 9. Bc4 {White has many another interesting options:} (
9. Qe2 {0-1 Jakovenko,D-Lugovoi,A/Krasnodar 2002/CBM 91/[Finkel,A] (41)}) (9.
f5 $5 Nc7 10. a4 a6 11. a5 Nb5 12. fxg6 hxg6 13. Qe1 Nxc3 14. bxc3 Nh7 15. e5
e6 16. Ra4 dxe5 17. Rh4 Bf6 18. Rh6 exd5 19. Nxe5 Bg7 20. Rxh7 Kxh7 21. Nxf7 {
1-0 Almasi,Z-Hickl,J/Bundesliga 2003 (21)}) (9. Kh1 Bg4 (9... Nc7 10. a4 a6 11.
a5 b5 12. axb6 Rxb6 13. Na4 Rb8 14. c4 e6 15. e5 Nfe8 16. dxe6 Nxe6 17. Be4 $14
{1/2-1/2 Baklan,V-Smirin,I/Istanbul 2000/EXT 2001 (26)}) 10. a3 Nc7 11. Qe1 b5
12. Qh4 c4 13. Be2 e6 14. f5 exf5 15. exf5 Bxf5 16. Bg5 $13 {1/2-1/2
Sadvakasov,D-Lugovoi,A/Moscow 2002/CBM 88 (64)}) 9... Nc7 10. a4 b6 {Typical
move in the plan of providing the breakthrough b7-b5. The point is that after
immediate 10...a6 white has 11.a5, which prevents b7-b5.} (10... e6 11. dxe6
Bxe6 12. Bxe6 fxe6 13. Qe2 d5 14. e5 Nd7 15. Nb5 a6 16. Nxc7 Qxc7 17. c4 dxc4 (
17... d4 $5) 18. Qxc4 $14 {1-0 Khalifman,A-Schlosser,M/Sochi 1989/CBM 16 (29)})
(10... a6 11. a5 Nb5 $5 12. e5 Nxc3 13. bxc3 Nd7 14. Re1 b5 15. axb6 Nxb6 16.
Bxa6 Bxa6 17. Rxa6 dxe5 18. Nxe5 Qxd5 19. Qxd5 Nxd5 20. Nd7 Ra8 $11 {0-1
Sutovsky,E-Svidler,P/Internet 1999/CBM 70 ext (48)}) 11. e5 {Of course, white
doesn't intend to wait till black provides the breakthrough b6-b5, so he
decides to act immediately, occupying more space in the center.} Nfe8 12. Qe2 {
defending the e5 pawn and, at the same time, preventing b6-b5.} a6 13. Rd1 $6
$146 {New move, but, probably, unsuccessful one. The better place for the rook
is e1, from where it can support the e5 square. White has tried in the
previous game} (13. Re1 Qd7 14. Ng5 $6 (14. Be3 $5 $14) 14... b5 15. e6 fxe6
16. dxe6 Qc6 17. axb5 axb5 $15 {0-1 Amonatov,F-Juswanto,D/Kuala Lumpur 1993/
EXT 98 (33)}) 13... Bg4 14. h3 $2 ({Better is} 14. Re1 {admitting his own
mistake on the previous move.}) 14... Bxf3 {Now white's pawn structure becomes
very bad.} 15. gxf3 Qd7 $1 {[%cal Gd7h3,Yd7b5,Gb6b5]} 16. Qh2 (16. Kg2 b5 $15)
16... Qf5 {Black doesn't forget about b6-b5, but intends to provide it later.
First of all, he attacks white center. Later black's queen can be transfered
to a safe square h5, where it can continue to attack white's spoiled pawn
structure on the kingside.} (16... b5 $15 {promises a slight advantage to
black as well.}) 17. Bd3 Qh5 18. Re1 (18. Be2 $5 dxe5 $140 (18... Rd8 $1 $15)
19. fxe5 Qxe5 $4 (19... Bxe5 $4 20. f4) 20. Bf4) 18... b5 {realyzing his main
idea.} (18... Qxf3 $4 19. Be2 $18) ({Deserved attention} 18... e6 $15) 19. Bd2
({After} 19. Qg3 $5 {[%cal Yg3g4] black succeeds to get a comfortable position
as well:} c4 (19... b4 20. Ne4 Nxd5 21. Bxa6 $13) 20. Bf1 Qf5 $15) 19... c4 {
Probably even better was} (19... b4 $5 20. Ne4 a5 $17 {[%cal Gc7d5]}) 20. Bf1
Qf5 {[%cal Gf5c2]} 21. axb5 axb5 22. Re4 Qc8 $1 $15 {[%cal Gf7f5,Ye7e6] Right
decision to bring the queen back to the camp. Now queen doesn't disturb its
pawns to attack white's center.} 23. h4 $6 ({White has to strengthen the
center, otherwise it will be crashed by the pressure, black is going to put on
it with following f7-f5 and e7-e6.} 23. Rd1 $5 $15 {[%csl Yd5,Ye5][%cal Gd2e1]}
) 23... f5 $5 {Strong positional move, which is going in accordance to black's
plan- to attack the white center. But black had even more attractive option-
just to capture the central pawn d5 and to transform his positional advantage
to material one:} (23... Nxd5 $1 24. Nxd5 Qc5+ 25. Be3 (25. Ne3 d5 $19) 25...
Qxd5 $17) 24. Rd4 {Other moves don't make white's life easy, for example:} (24.
Ree1 b4 25. Na4 Nxd5 26. Qe2 c3 $17) (24. exf6 Nxf6 25. Rxe7 Ncxd5 $19 {
[%cal Gb5b4]}) 24... e6 $1 $17 {Everything black wanted, he achieved. He
attacks white center which is very vulnerable, especially with the rook on d4.
He has space advantage, white's pieces are absolutely out of the game, also
black's pawn structure is much more better than the white's one. So I would
evaluate the position as the big advantage for black.} 25. dxe6 $2 {Another
mistake, which provides to lost position. Better was} (25. h5 exd5 26. hxg6
hxg6 27. Re1 Qe6 $17) (25. Re1 Qb7 $1 {[%csl Gb7][%cal Yb7f3]} 26. dxe6 dxe5
27. fxe5 (27. Rd7 Qb6+ 28. Be3 Qxe6 $17) 27... Nxe6 $17) 25... Nxe6 26. Rd5
N6c7 $2 {It is very difficult to explain why black decided to make a draw in
so strong position. He had at least two ways to get big advantage, which is
very near to victory. The following variations prove this fact:} (26... Qc6 $1
{[%cal Gb5b4]} 27. Qe2 (27. b4 cxb3 28. cxb3 b4 29. Rb5 bxc3 30. Rxb8 cxd2 $19)
27... dxe5 (27... b4 $2 28. Qxc4 Qxc4 29. Bxc4 bxc3 30. Bxc3 $13) 28. fxe5 N8c7
$1 (28... b4 29. Qxc4 Qb6+ (29... Qxc4 $2 30. Bxc4 bxc3 31. Bxc3 $13) 30. Kh1
bxc3 31. Bxc3 N8c7 32. Rd6 Qf2 33. Rxe6 Nxe6 34. Qxe6+ Kh8 $17) 29. Rd6 Qc5+
$19) (26... b4 27. Ne2 Qc6 $17) 27. Rd4 Ne6 28. Rd5 N6c7 29. Rd4 Ne6 1/2-1/2

[Event "Athens Acropolis"]
[Site "Athens"]
[Date "2004.11.18"]
[Round "3"]
[White "Mastrovasilis, Dimitrios"]
[Black "Schmaltz, Roland"]
[Result "1-0"]
[WhiteElo "2574"]
[BlackElo "2528"]
[Annotator "Erenburg,S"]
[PlyCount "47"]
[EventDate "2004.11.16"]
[EventType "tourn"]
[EventRounds "9"]
[EventCountry "GRE"]
[EventCategory "10"]
[SourceTitle "CBM 105"]
[Source "ChessBase"]
[SourceDate "2005.04.11"]
[SourceVersion "1"]
[SourceVersionDate "2005.04.11"]
[SourceQuality "1"]

1. e4 d6 2. d4 Nf6 3. Nc3 g6 4. f4 Bg7 5. Nf3 O-O 6. Bd3 Nc6 {Quite a rare
move nowadays in comparison to the following ones:} (6... Na6 7. O-O c5 8. d5
Rb8 9. e5 $1 {1-0 Vaisser,A-Bauer,C/Aix les Bains 2003/CBM 97_01/[Erenburg] 
(32)}) (6... Bg4 7. O-O Nc6 8. e5 {1-0 Yemelin,V-Golcman,E/St Petersburg 2002/
CBM 89/[Avrukh,B] (29)}) 7. O-O e5 {Another option is to try to eliminate
white's light-squared bishop with} (7... Nb4 {0-1 Kotsur,P-Sakaev,K/Moscow
1998/CBM 63/[Yudasin,L] (69)}) 8. fxe5 dxe5 9. d5 Nd4 (9... Nb4 {1/2-1/2
Almasi,Z-Chernin,A/Budapest 1997/CBM 62/[Yudasin,L] (29)}) 10. Nxe5 Nxe4 $2 {
This continuation leads to unpleasant results for Black.} ({More to the point
seems} 10... Nxd5 11. Nxd5 Bxe5 12. Bf4 Nc6 13. Qd2 Be6 14. Bxe5 Nxe5 15. Nf6+
Kg7 16. Qc3 $1 {[%csl Re5][%cal Gc3g7]} Qd6 17. Rad1 Rfd8 $146 18. Be2 Qb6+ $8
19. Kh1 Rxd1 20. Nh5+ $1 Kg8 21. Rxd1 gxh5 22. Qxe5 Bg4 $14 {1/2-1/2 Jonkman,
H-Volokitin,A/Lvov 2001/CBM 87/[Roiz,M] (29)}) 11. Nxe4 (11. Bxe4 {seems
strong enough as well:} Bxe5 12. Bf4 Bg7 (12... Bxf4 13. Rxf4 Nf5 14. Bxf5 Bxf5
15. Qd4 $1 {[%cal Gc3e4]} Bxc2 16. Re1 $36 {Polgar,J-Stohl,I/Brno 1991}) 13.
Qd2 Bd7 (13... Re8 14. Rae1 c6 15. Kh1 f5 16. Bd3 Rxe1 17. Rxe1 cxd5 18. Bg5
$32 {[%csl Gc3,Gd3,Ge1,Gg5][%cal Gc3d5]}) (13... Nf5 14. Rae1 Nd6 15. Bd3 Bd7
16. Bh6 f5 17. Bxg7 Kxg7 18. Qf2 b6 19. Ne2 $14 {[%cal Gc2c4,Ge2d4] De Firmian,
N-Koch,W/Politiken Cup 1996}) 14. Rae1 Nf5 15. Bxf5 $1 Bxf5 16. Nb5 $36 {
[%cal Gc2c4] De Firmian,N-Jonsson,B/Reykjavik 1998}) 11... Bxe5 12. c3 Nf5 13.
Qf3 c6 14. dxc6 bxc6 $146 {In the previous game Black tried} (14... Qb6+ 15.
Rf2 Qxc6 16. Bf4 Bg7 17. g4 $16 {1-0 Moiseev,V-Schoeneich,M/Berlin 1994/EXT 97
(45)}) 15. Bg5 $1 {forcing Black to weaken the position of his monarch.} f6 (
15... Qb6+ 16. Kh1 f6 (16... Qxb2 17. Bf6 Bxf6 18. Nxf6+ Kg7 19. Nh5+ $16) 17.
Bf4 $14) 16. Bc4+ Kg7 17. Bf4 $16 {/+-. Black's position is very difficult.
His pawn structure is bad, his king is quite vulnerable, his pieces are less
active than White's. One of the main problems of the second player is the
development of the light-squared bishop.} Bxf4 18. Qxf4 Qb6+ 19. Kh1 Bd7 ({
Black's position wouldn't be so bad, if} 19... Ne3 {worked, but white has a
strong refutation:} 20. Nxf6 $1 Bf5 (20... Nxf1 21. Nh5+ gxh5 22. Qg5+ Kh8 23.
Qe5+ Rf6 24. Qxf6#) 21. Rae1 $1 Nxc4 22. Re7+ Rf7 23. Nh5+ $18) 20. Rae1 $1 {
threatening with g2-g4.} h5 (20... Qb8 {doesn't change too much:} 21. Qd2 Rd8
22. Nc5 Qd6 23. Qf2 $1 $18 {[%cal Ye1d1]}) {[%tqu "En","Please find the
strongest move for white.","","","e4f6","",10]} 21. Nxf6 $1 {[%mdl 64] All the
White pieces are extremely active, therefore, he is ready for decisive actions!
} Kxf6 {All other moves lose as well:} (21... Rxf6 22. Re7+ Nxe7 23. Qxf6+ Kh6
24. Qxe7 Bf5 25. Rxf5 gxf5 26. Qf6+ Kh7 27. Qxf5+ Kh6 28. Qf6+ Kh7 29. Qf7+ Kh6
30. Bd3 $18) (21... Qd8 22. Ne4 $18) 22. Qd6+ Kg5 (22... Kg7 23. Qxd7+ Kh6 24.
Qd2+ Kg7 25. Rxf5 $1 Rxf5 26. Re7+ Kf8 27. Qd6 $18) 23. Qd2+ $1 Kf6 24. Qxd7 {
[%cal Yd7e7] Very impressive victory by Dimitrios. Black needs to find some
improvement in this line, otherwise, this variation clearly favours White.} 1-0

[Event "Bundesliga 0203"]
[Site "Germany"]
[Date "2002.12.13"]
[Round "7.1"]
[White "Luther, Thomas"]
[Black "Beliavsky, Alexander G"]
[Result "0-1"]
[WhiteElo "2538"]
[BlackElo "2650"]
[Annotator "Erenburg,S"]
[PlyCount "62"]
[EventDate "2002.10.19"]
[EventType "team-tourn"]
[EventRounds "15"]
[EventCountry "GER"]
[SourceTitle "CBM 093"]
[Source "ChessBase"]
[SourceDate "2003.04.01"]
[SourceVersion "1"]
[SourceVersionDate "2003.04.01"]
[SourceQuality "1"]
[WhiteTeam "Erfurt"]
[BlackTeam "Plauen"]
[WhiteTeamCountry "GER"]
[BlackTeamCountry "GER"]

1. e4 d6 2. d4 Nf6 3. Nc3 g6 4. f4 Bg7 5. Nf3 c5 6. Bb5+ Bd7 7. e5 Ng4 8. Bxd7+
Qxd7 9. d5 dxe5 10. h3 e4 11. hxg4 exf3 12. Qxf3 Na6 13. Bd2 ({According to my
database nobody played the dubious} 13. Be3 $6 O-O-O 14. Rd1 Bxc3+ 15. bxc3 Qa4
$15) 13... O-O-O 14. O-O-O Nc7 15. Be1 {[%csl Gd5]} ({Comes to consideration} 
15. Rhe1 $5 Bd4 (15... Rhe8 $5) 16. f5 $13) 15... f5 (15... Nb5 $6 16. Nxb5
Qxb5 17. Bc3 $14) 16. gxf5 (16. g5 $6 e5 $1) 16... Qxf5 17. g4 (17. Kb1 {
is already met by} h5 {, which prevents g2-g4.}) 17... Qf7 18. Bg3 $1 {White
intends to continue f4-f5 to open the b8-h2 diagonal for his dark-squared
bishop.} h5 ({Deserves attention} 18... Be5 19. Rhe1 Bd6 $14) 19. f5 hxg4 ({
Better is} 19... Bh6+ 20. Kb1 hxg4 21. Qxg4 (21. Qf2 $5) 21... gxf5 (21... Qxf5
22. Qc4 Be3 23. Rxh8 Rxh8 24. Bxc7 Kxc7 25. d6+ $18) 22. Qc4 f4 23. Rhf1 Qh5
24. Rh1 Qf7 $11 (24... Qg4 {is too dangerous} 25. Bf2 $40)) 20. Qf4 Rd7 (20...
Na6 $5 {possible as well} 21. Nb5 Rxd5 22. Rxh8+ Bxh8 23. Rxd5 Qxd5 24. Nxa7+
Kd8 25. fxg6 $11) 21. Rxh8+ Bxh8 22. fxg6 $5 $146 (22. Nb5 {see 0-1 Westerinen,
H-Nijboer,F/Skei 1994/CBM 42 ext (40)}) 22... Qxg6 ({Black cannot play} 22...
Qxf4+ $2 {in view of} 23. Bxf4 Bxc3 24. bxc3 Nxd5 25. Be5 $18) 23. Nb5 Bg7 {
threatening Bh6 and covering the f8 square.} ({Better is} 23... Bf6 $1 {
[%cal Gf6g5] with the same ideas.} 24. Nxa7+ (24. Kb1 e5 25. Qc4 Nxb5 26. Qxb5
Be7 $15) 24... Kb8 25. Qc4 (25. Qa4 Qg5+ 26. Kb1 Rxd5 $15) 25... e5 (25... Kxa7
26. Qa4+) 26. Nb5 Qh6+ 27. Kb1 Nxb5 (27... Rxd5 28. Rf1 Qh3 29. Nxc7 Kxc7 30.
a3 $44) 28. Qxb5 Rxd5 29. Qe8+ Ka7 30. Qa4+ $11) (23... Qb6 $2 24. Qf8+ $18)
24. Rh1 ({Worse is} 24. Kb1 e5 25. Qc4 Nxb5 26. Qxb5 b6 $15) 24... Qb6 25. Nxc7
$2 {[%mdl 8192] The decisive mistake. Probably white has overestimated his
chances.} (25. Qxg4 $2 Bh6+ $17) (25. Rh7 $5 {comes to consideration.}) ({
Probably the best continuation was} 25. c4 a6 26. Qxg4 Bh6+ (26... Ne8 27. Qf4)
27. Kb1 axb5 28. d6 Ne8 29. Rxh6 Nxd6 $11) 25... Qxb2+ $19 26. Kd2 (26. Kd1 {
doesn't change anything:} Qa1+ 27. Qc1 Qc3 28. Qf4 e5 $19) 26... Qc3+ 27. Ke2 (
27. Kd1 e5 $1) 27... Qxc2+ 28. Kf1 (28. Qd2 Qe4+) (28. Ke1 Qb1+) 28... Qd1+ (
28... e5 {strong enough as well.}) 29. Kg2 Qe2+ 30. Qf2 (30. Bf2 Rxc7 $19)
30... Qe4+ 31. Kh2 Bd4 $1 (31... Bd4 32. Qd2 e5 $1 {[%cal Rd7h7]}) 0-1